[Event "Joao Pessoa Fischer Memorial 11th"]
[Site "Joao Pessoa"]
[Date "2022.05.08"]
[Round "6"]
[White "Pereira, Francisco Neris"]
[Black "Tejo, Joao Jorge de Medei"]
[Result "0-1"]
[WhiteElo "1596"]
[BlackElo "1840"]
[PlyCount "82"]
[EventDate "2022.05.06"]
[EventType "swiss"]
[EventRounds "6"]
[EventCountry "BRA"]
[SourceTitle "EXT 2023"]
[Source "ChessBase"]
[SourceDate "2022.10.05"]
[SourceVersion "1"]
[SourceVersionDate "2022.10.05"]
[SourceQuality "1"]

1. d4 e6 2. c4 d5 3. g3 c6 4. Bg2 f5 5. Nf3 Bd6 6. 0-0 Nd7 7. Nc3 Ngf6 8. cxd5 exd5 9. Bg5 h6 10. Bd2 0-0 11. Re1 Ne4 12. Qc2 Qe8 13. e3 Qh5 14. Ne2 g5 15. Ne5 Nxe5 16. dxe5 Bxe5 17. f3 Nxd2 18. Qxd2 Bc7 19. Rac1 Be6 20. Nd4 Bd7 21. f4 g4 22. b4 Bb6 23. Nb3 Qf7 24. Nc5 Bxc5 25. Rxc5 Rfe8 26. a4 Re6 27. b5 Rae8 28. Kf2 h5 29. Qc3 h4 30. bxc6 bxc6 31. gxh4 Qh5 32. e4 fxe4 33. Qg3 Qf5 34. h3 Rf6 35. hxg4 Qxf4+ 36. Qxf4 Rxf4+ 37. Ke3 Rxg4 38. Rg1 Re7 39. Rcc1 Reg7 40. Kf2 e3+ 41. Kf3 Rg3+ 0-1

[Event "Joao Pessoa Fischer Memorial 9th"]
[Site "Joao Pessoa"]
[Date "2018.03.18"]
[Round "6"]
[White "Okamura, Milton Kasuo"]
[Black "Tejo, Joao Jorge de Medei"]
[Result "1-0"]
[WhiteElo "2036"]
[BlackElo "1941"]
[PlyCount "65"]
[EventDate "2018.03.16"]
[EventType "swiss"]
[EventRounds "6"]
[EventCountry "BRA"]
[SourceTitle "CBM 183 Extra"]
[Source "ChessBase"]
[SourceDate "2018.04.19"]
[SourceVersion "1"]
[SourceVersionDate "2018.04.19"]
[SourceQuality "1"]

1. d4 e6 2. c4 d5 3. Nc3 Bb4 4. e3 Nf6 5. Qa4+ Nc6 6. Nf3 Ne4 7. Qc2 0-0 8. a3 Bxc3+ 9. bxc3 Nd6 10. cxd5 exd5 11. Bd3 f5 12. 0-0 Be6 13. a4 Ne4 14. Ba3 Rf6 15. c4 h6 16. Rab1 Rb8 17. Rb5 a6 18. Rb2 g5 19. Rfb1 Na5 20. Ne5 Nxc4 21. Nxc4 dxc4 22. Bxc4 b6 23. Bxa6 Ra8 24. Bb5 Bd5 25. Rc1 Ra7 26. Bb4 Kh7 27. f3 Nd6 28. Bd3 Qe8 29. Re1 Kh8 30. e4 fxe4 31. fxe4 Re6 32. e5 Nb7 33. Qxc7 1-0

[Event "Joao Pessoa op 3rd"]
[Site "Joao Pessoa"]
[Date "2012.03.10"]
[Round "4"]
[White "Tejo, Joao Jorge de Medei"]
[Black "Rodrigues da Silva, Evandro"]
[Result "0-1"]
[WhiteElo "1954"]
[BlackElo "2168"]
[PlyCount "74"]
[EventDate "2012.03.09"]
[EventType "swiss"]
[EventRounds "6"]
[EventCountry "BRA"]
[SourceTitle "CBM 147 Extra"]
[Source "ChessBase"]
[SourceDate "2012.04.24"]
[SourceVersion "1"]
[SourceVersionDate "2012.04.24"]
[SourceQuality "1"]

1. e4 c6 2. d4 d5 3. Nc3 dxe4 4. Nxe4 Nd7 5. Bd3 Ngf6 6. f3 Nxe4 7. fxe4 e5 8. Be3 exd4 9. Bxd4 Nc5 10. Nf3 Bg4 11. Bc3 Ne6 12. h3 Bh5 13. g4 Bg6 14. Qd2 Qc7 15. 0-0-0 Bc5 16. Ne5 0-0-0 17. Nxg6 hxg6 18. Qg2 Bd4 19. Bxd4 Rxd4 20. Qf2 Qf4+ 21. Qxf4 Nxf4 22. h4 f6 23. Kd2 c5 24. Rh2 g5 25. Ke3 Nxd3 26. cxd3 Rxh4 27. Rxh4 gxh4 28. Kf4 Kd7 29. Rc1 b6 30. Rc3 Ke6 31. g5 fxg5+ 32. Kxg5 h3 33. Rc2 Rxd3 34. Kf4 g5+ 35. Kxg5 Ke5 36. Re2 Rg3+ 37. Kh4 Rg2 0-1